Text-book on practical astronomy /

Bibliographic Details
Main Author: Hosmer, George L. (George Leonard), 1874-1935
Format: Book
Language:English
Published: New York : Wiley, 1910.
Edition:1st ed. 1st thousand.
Subjects:

MARC

Tag First Indicator Second Indicator Subfields
LEADER 00000cam a2200000 4500
001 in00000050203
005 20151007065820.0
008 750613s1910 nyu 00000 eng u
010 |a  10024019  
035 |a (OCoLC)01391820 
035 |9 AAE2738AM 
040 |c GAT  |d TXA  |d UtOrBLW 
049 |a TXAM  |c [59435] 
050 0 0 |a QB145  |b .H8 
092 |a 522  |b H827t 
100 1 |a Hosmer, George L.  |q (George Leonard),  |d 1874-1935. 
245 1 0 |a Text-book on practical astronomy /  |c by George L. Hosmer ... 
250 |a 1st ed. 1st thousand. 
264 1 |a New York :  |b Wiley,  |c 1910. 
300 |a ix, 205 pages :  |b maps, diagrams ;  |c 24 cm. 
336 |a text  |b txt  |2 rdacontent 
337 |a unmediated  |b n  |2 rdamedia 
338 |a volume  |b nc  |2 rdacarrier 
650 0 |a Spherical astronomy. 
999 |a MARS 
999 f f |s 72c0366a-cc8a-3c75-b867-46e0f570d748  |i 5b02eef5-d158-398b-8e89-62309e2a0212  |t 0 
952 f f |p ric  |a Texas A&M University  |b Rellis Campus  |c Joint Library Facility  |d Remote Storage  |t 0  |e QB145 .H8  |h Library of Congress classification  |i unmediated -- volume  |m A14800899228 
998 f f |a QB145 .H8  |t 0  |l Remote Storage